00346nam a2200133Ia 4500008004100000020001500041041001200056082001600068100002700084245003300111260004800144300000800192650001200200221030s9999 xx 000 0 und d a8185324093 aEnglish a105.23bFes aM. G. K. M Festschrift 0aEssays on Particles & Fields bIndian Academy of SciencesaBangalorec1989 a307 aPhysics